Retrouvez qui a dit cette réplique (disney/pixar) #7 - Statistiques

Statistiques générales
  • Ce quiz a été pris 357 fois
    214 depuis la dernière actualisation
  • Le résultat moyen est 6 sur 15
Statistiques - réponses
Hint Réplique Réponse % Correct
6 Oh je t'aime Olaf. Anna (La reine des neiges)
94%
8 L'océan m'a choisi, moi. Vaiana
85%
3 Je suis dans un frigo en train de parler à un rat ! Alfredo Linguini (Ratatouille)
67%
10 Ça c'est ma famille. Je l'ai trouvé tout seul, comme un grand. Il est cassé, il est petite mais elle est solide. Stitch (Lilo et Stitch)
60%
7 Si je ne te connaissais pas, je pourrai croire que tu éprouves des sentiments pour ce monstre. Gaston (La belle et la bête)
57%
1 Dites donc monsieur l'grincheux d'service. Dory (Le monde de némo)
52%
15 Elle s'adresse à ses petits ? Kevin est une fille ? Russell (La haut)
38%
2 La famille ça devrait servir à ça. À nous encourager mais vous c'est tout le contraire. Miguel (Coco)
29%
12 J'appelle pas ça voler, j'appelle ça tomber avec panache. Woody (Toy story)
29%
13 Y a eu le requin et euh... nous on a essayés, mais on n'a pas pu et lui il a grrr et après ooooh... Polochon (La petite sirène)
27%
14 Tu sais quoi ? Quelques fois je m'imagine que j'ai des nageoires. Mélodie (La petite sirène 2)
19%
4 Et devront y assister toutes les jeunes filles à marier digne d'êtres choisies. Madame de Tremaine (Cendrillon)
13%
11 Même si les gens disent qu'il sera toujours là, tant qu'on se souviendra de lui. J'en souffre encore. Hiro (Les nouveaux héros)
8%
ç Elle me manque. Ma famille me manque. Ma famille. Arlo (Le voyage d'Arlo)
3%
5 J'ai eu la trouille et je suis resté dehors. Et après ça je me suis juré que c'était fini... Barley (En avant)
3%
Aucun quiz correspondant
Distribution des résultats
% des personnes avec chaque résultat
Percentile par nombre de réponses
Votre historique - résultats
Vous n’avez pas pris ce quiz depuis la dernière actualisation